书目信息 |
| 题名: |
北方果树施肥手册
|
|
| 作者: | 张昌爱 , 劳秀荣 主编 | |
| 分册: | ||
| 出版信息: | 北京 中国农业出版社 2015.9 |
|
| 页数: | 319页 | |
| 开本: | 21cm | |
| 丛书名: | 最受欢迎的种植业精品图书 | |
| 单 册: | ||
| 中图分类: | S660.6-62 | |
| 科图分类: | ||
| 主题词: | 果树--guo shu--施肥--手册 | |
| 电子资源: | ||
| ISBN: | 978-7-109-20803-2 | |
| 000 | 01041nam 2200289 45 | |
| 001 | 012001003706 | |
| 005 | 20131105114219.0 | |
| 010 | @a978-7-109-20803-2@dCNY25.00 | |
| 099 | @aCAL 012016008994 | |
| 100 | @a20151229d2016 em y0chiy50 ea | |
| 101 | 0 | @achi |
| 102 | @aCN@b110000 | |
| 105 | @aak a 000yy | |
| 106 | @ar | |
| 200 | 1 | @a北方果树施肥手册@Abei fang guo shu shi fei shou ce@f张昌爱, 劳秀荣主编 |
| 210 | @a北京@c中国农业出版社@d2015.9 | |
| 215 | @a319页@c图@d21cm | |
| 225 | 2 | @a最受欢迎的种植业精品图书@AZui Shou Huan Ying De Zhong Zhi Ye Jing Pin Tu Shu |
| 320 | @a有书目 (第318-319页) | |
| 330 | @a本书从北方果树主栽区生态环境条件入手, 分析了北方果树的生物学特性及其需肥特性, 介绍了测土配方施肥技术及营养诊断施肥技术的方法和原理等。 | |
| 410 | 0 | @12001 @a最受欢迎的种植业精品图书 |
| 606 | 0 | @a果树@Aguo shu@x施肥@j手册 |
| 690 | @aS660.6-62@v5 | |
| 701 | 0 | @a张昌爱@Azhang chang ai@4主编 |
| 701 | 0 | @a劳秀荣@Alao xiu rong@4主编 |
| 801 | 2 | @aCN@b上海新华@c20191020 |
| 905 | @b1206344-7@dS660.6-62@e589@f4 | |
| 北方果树施肥手册/张昌爱, 劳秀荣主编.-北京:中国农业出版社,2015.9 |
| 319页:图;21cm.-(最受欢迎的种植业精品图书) |
| ISBN 978-7-109-20803-2:CNY25.00 |
| 本书从北方果树主栽区生态环境条件入手, 分析了北方果树的生物学特性及其需肥特性, 介绍了测土配方施肥技术及营养诊断施肥技术的方法和原理等。 |
| ● |
| 相关链接 |
|
|
|
|
正题名:北方果树施肥手册
索取号:S660.6-62/589
 
预约/预借
| 序号 | 登录号 | 条形码 | 馆藏地/架位号 | 状态 | 备注 |
| 1 | 1206344 | 212063443 | 第二样本阅览室/ [索取号:S660.6-62/589] | 在馆 | |
| 2 | 1206345 | 212063452 | 第三借阅区/ [索取号:S660.6-62/589] | 在馆 | |
| 3 | 1206346 | 212063461 | 第三借阅区/ [索取号:S660.6-62/589] | 在馆 | |
| 4 | 1206347 | 212063470 | 第三借阅区/ [索取号:S660.6-62/589] | 在馆 |